00626nam a2200229Ia 4500008004100000041001200041082000800053082001100061100001800072100001100090245002600101250001200127260001100139260002700150260000900177300001500186365002500201650002100226942000700247999001900254952012300273150909s9999 xx 000 0 und d aEnglish a581 bPLO/MA aPlowden C.C  eAuthor aManual of plant names a3rd Ed. aLondon bGeorge Allen and unwin c1972 a260 Pages aRs.10.40  aTaxonomic botany cBK c248748d248748 00104070aKAUCOAbKAUCOAd2022-03-03g10.40l0o581 PLO/MApKAU-COA-677 r2015-09-16 00:00:00w2015-09-16yBK